Engineering Graphics With AutoCAD 2009 (Record no. 30852)

000 -LEADER
fixed length control field 00386nam a2200157Ia 4500
003 - CONTROL NUMBER IDENTIFIER
control field 0Nust
005 - DATE AND TIME OF LATEST TRANSACTION
control field 20170105110254.0
008 - FIXED-LENGTH DATA ELEMENTS--GENERAL INFORMATION
fixed length control field 161124s9999 xx 000 0 und d
020 ## - INTERNATIONAL STANDARD BOOK NUMBER
International Standard Book Number 9.7881203384e+012
040 ## - CATALOGING SOURCE
Transcribing agency IGIS
041 ## - LANGUAGE CODE
Language code of text/sound track or separate title English
082 ## - DEWEY DECIMAL CLASSIFICATION NUMBER
Classification number 620.00420286
Author Mark BET
100 ## - MAIN ENTRY--PERSONAL NAME
Personal name James D Bethune
245 ## - TITLE STATEMENT
Title Engineering Graphics With AutoCAD 2009
260 ## - PUBLICATION, DISTRIBUTION, ETC.
Place of publication, distribution, etc. India
Name of publisher, distributor, etc. Ashoke K ghosh
Date of publication, distribution, etc. 2009
942 ## - ADDED ENTRY ELEMENTS (KOHA)
Koha item type Book
Holdings
Withdrawn status Lost status Damaged status Not for loan Collection code Permanent Location Current Location Date acquired Source of acquisition Total Checkouts Full call number Barcode Date last seen Price effective from Koha item type
          Institute of Geographical Information Systems (IGIS) Institute of Geographical Information Systems (IGIS)   Purchased   620.0042028566BET IGIS633 01/05/2017   Book
© 2023 Central Library, National University of Sciences and Technology. All Rights Reserved.